Technologický a inovačný rozvoj a trh práce

Činitele inovačného napredovania. Teoreticko-praktické východiská technologickej platobnej bilancie. Technologická platobná bilancia vo svete a v SR.

Saved in:
Bibliographic Details
Main Author: Ivanová, Pavlína
Format: Book Chapter
Language:Slovak
Subjects:
Tags: Add Tag
No Tags, Be the first to tag this record!

MARC

LEADER 00000nla$a2200000$$$4500
001 0053529
005 20240502071623.8
041 0 |a slo 
044 |a SK 
245 1 0 |a Technologický a inovačný rozvoj a trh práce  |c Pavlína Ivanová 
520 |a Činitele inovačného napredovania. Teoreticko-praktické východiská technologickej platobnej bilancie. Technologická platobná bilancia vo svete a v SR. 
610 2 0 |a stratégia inovačná 
610 2 0 |a trh práce 
610 2 0 |a bilancia platobná 
610 2 0 |a zamestnanosť 
610 2 0 |a technológie informačné 
610 2 0 |a technológie komunikačné 
610 2 0 |a technológie nové 
610 2 0 |a inovácia 
100 1 |a Ivanová, Pavlína